[Event "Drogheda Congress (Thomson Masters) 2026"]
[Site "Drogheda IRL"]
[Date "2026.05.31"]
[Round "4.2"]
[White "Balaji, Aaravamudhan"]
[Black "Flynn, Jacob"]
[Result "1/2-1/2"]
[WhiteTitle "IM"]
[BlackTitle "CM"]
[WhiteElo "2304"]
[BlackElo "2241"]
[BlackICU "2303"]
[BlackClub "Malahide"]
[WhiteNationality "ENG"]
[BlackNationality "IRL"]
[WhiteFideId "436224"]
[BlackFideId "2509393"]
[PlyCount "73"]
[FIDETournamentId "480233"]
[ChessResultsKey "1423859"]
[EventSection "1/4"]
[Venue "St Mary's Parish Primary School, Bryanstown, Drogheda A92 XD80"]
[EventDate "2026.05.30"]
[TimeControl "5400+30"]

{ Event information: <a
href="https://www.irlchess.com/drogheda2026_allfiles/pairings_drogheda2026.html">Tournament
report</a>. }

1. d4 d5 2. c4 e6 3. Nc3 Nf6 4. cxd5 exd5 5. Bg5 c6 6. e3 h6 7. Bh4 Be7 8.
Bd3 O-O 9. Nge2 Ne8 10. Bxe7 Qxe7 11. Ng3 Nd6 12. O-O Nd7 13. Qc2 Nf6 14.
Rae1 b6 15. f3 c5 16. e4 cxd4 17. Nxd5 Nxd5 18. exd5 Qf6 19. f4 Bb7 20. Re5
Qd8 21. Qf2 f6 22. Rh5 Bc8 23. f5 Re8 24. Qxd4 Qe7 25. Rh4 Qe3+ 26. Qxe3
Rxe3 27. Rd1 Re5 28. Rf4 Kf8 29. Bc2 Bb7 30. Rfd4 Rc8 31. Bb1 Ke7 32. Rg4
Kf8 33. Rgd4 Ke7 34. Nh5 g5 35. Ng3 Rc5 36. h4 Rcxd5 37. Rxd5 1/2-1/2

[Event "Drogheda Congress (Thomson Masters) 2026"]
[Site "Drogheda IRL"]
[Date "2026.05.31"]
[Round "4.4"]
[White "Cole, Ethan"]
[Black "Hughes, Padraig"]
[Result "0-1"]
[WhiteElo "2006"]
[BlackElo "1917"]
[WhiteICU "2032"]
[BlackICU "1984"]
[WhiteClub "Bangor"]
[BlackClub "Curragh"]
[WhiteNationality "IRL"]
[BlackNationality "IRL"]
[WhiteFideId "2514818"]
[BlackFideId "2505690"]
[PlyCount "24"]
[FIDETournamentId "480233"]
[ChessResultsKey "1423859"]
[EventSection "1/4"]
[Venue "St Mary's Parish Primary School, Bryanstown, Drogheda A92 XD80"]
[EventDate "2026.05.30"]
[TimeControl "5400+30"]
[BlackFullName "Hughes, P&aacute;draig"]

{ Event information: <a
href="https://www.irlchess.com/drogheda2026_allfiles/pairings_drogheda2026.html">Tournament
report</a>. }

1. Nf3 Nf6 2. g3 d5 3. Bg2 e6 4. O-O c5 5. d3 Nc6 6. Nbd2 Be7 7. e4 O-O 8.
e5 Nd7 9. Re1 Qc7 10. Qe2 b5 11. Nf1 a5 12. h4 a4 { ... ? } 0-1

[Event "Drogheda Congress (Thomson Masters) 2026"]
[Site "Drogheda IRL"]
[Date "2026.05.31"]
[Round "4.5"]
[White "Ryan, Joshua"]
[Black "Barnes, Oliver"]
[Result "0-1"]
[WhiteElo "1874"]
[BlackElo "1966"]
[WhiteICU "1925"]
[BlackICU "2022"]
[WhiteClub "Knights of Eanna"]
[WhiteNationality "IRL"]
[BlackNationality "IRL"]
[WhiteFideId "2516705"]
[BlackFideId "2517604"]
[PlyCount "74"]
[FIDETournamentId "480233"]
[ChessResultsKey "1423859"]
[EventSection "1/4"]
[Venue "St Mary's Parish Primary School, Bryanstown, Drogheda A92 XD80"]
[EventDate "2026.05.30"]
[TimeControl "5400+30"]

{ Event information: <a
href="https://www.irlchess.com/drogheda2026_allfiles/pairings_drogheda2026.html">Tournament
report</a>. }

1. e4 e6 2. d4 d5 3. e5 c5 4. c3 Bd7 5. Nf3 Nc6 6. Be2 Nge7 7. O-O Nf5 8.
Bd3 cxd4 9. Bxf5 exf5 10. cxd4 Be7 11. Nc3 Be6 12. Qb3 Rb8 13. Rd1 O-O 14.
Ne2 b5 15. Nf4 a5 16. Ne1 b4 17. Nh5 Kh8 18. Qf3 Rg8 19. Rd3 g5 20. h4 g4
21. Qg3 Bxh4 22. Qh2 Rb6 23. g3 Be7 24. Ng2 f6 25. exf6 Bxf6 26. Nhf4 Nxd4
27. Nh4 Nc2 28. Nhg6+ Kg7 29. Nxe6+ Rxe6 30. Qh6+ Kf7 31. Nf4 Re1+ 32. Kg2
d4 33. Qh5+ Rg6 34. Qxf5 Re5 35. Ne6 Rxf5 36. Nxd8+ Bxd8 37. Rb1 Ne1+ 0-1

[Event "Drogheda Congress (Thomson Masters) 2026"]
[Site "Drogheda IRL"]
[Date "2026.05.31"]
[Round "4.6"]
[White "Liu, Jason"]
[Black "Bartczak, Korneliusz"]
[Result "1/2-1/2"]
[WhiteTitle "FM"]
[WhiteElo "2252"]
[BlackElo "2130"]
[WhiteICU "2220"]
[BlackICU "2138"]
[WhiteClub "Gonzaga"]
[BlackClub "Limerick"]
[WhiteNationality "IRL"]
[BlackNationality "IRL"]
[WhiteFideId "2514656"]
[BlackFideId "2523558"]
[PlyCount "29"]
[FIDETournamentId "480233"]
[ChessResultsKey "1423859"]
[EventSection "1/4"]
[Venue "St Mary's Parish Primary School, Bryanstown, Drogheda A92 XD80"]
[EventDate "2026.05.30"]
[TimeControl "5400+30"]

{ Event information: <a
href="https://www.irlchess.com/drogheda2026_allfiles/pairings_drogheda2026.html">Tournament
report</a>. }

1. e4 e5 2. Nf3 Nc6 3. Bc4 Nf6 4. d3 Bc5 5. Nc3 h6 6. h3 a6 7. Be3 d6 8.
Bxc5 dxc5 9. a4 Qd6 10. Ne2 Be6 11. Ng3 O-O-O 12. Qe2 Bxc4 13. dxc4 Nd4 14.
Nxd4 cxd4 15. O-O 1/2-1/2

[Event "Drogheda Congress (Thomson Masters) 2026"]
[Site "Drogheda IRL"]
[Date "2026.05.31"]
[Round "4.7"]
[White "Daly, Colm"]
[Black "Melaugh, Shane"]
[Result "1-0"]
[WhiteTitle "FM"]
[BlackTitle "FM"]
[WhiteElo "2191"]
[BlackElo "2254"]
[WhiteICU "2192"]
[BlackICU "2265"]
[WhiteClub "U.C.D."]
[BlackClub "Elm Mount"]
[WhiteNationality "IRL"]
[BlackNationality "IRL"]
[WhiteFideId "2500434"]
[BlackFideId "2509580"]
[PlyCount "121"]
[FIDETournamentId "480233"]
[ChessResultsKey "1423859"]
[EventSection "1/4"]
[Venue "St Mary's Parish Primary School, Bryanstown, Drogheda A92 XD80"]
[EventDate "2026.05.30"]
[TimeControl "5400+30"]

{ Event information: <a
href="https://www.irlchess.com/drogheda2026_allfiles/pairings_drogheda2026.html">Tournament
report</a>. }

1. d4 e6 2. c4 f5 3. g3 Nf6 4. Bg2 Be7 5. Nc3 d5 6. cxd5 exd5 7. Bg5 c6 8.
Bxf6 Bxf6 9. e3 O-O 10. Nge2 Na6 11. h4 Nc7 12. Nf4 Ne6 13. Nxe6 Bxe6 14.
Qd2 Be7 15. Ne2 a5 16. a3 Bd6 17. Rc1 Qe7 18. O-O Bd7 19. Nf4 a4 20. Bf3
Qd8 21. Kg2 Qa5 22. Qc2 Bxf4 23. exf4 Rfe8 24. Rfd1 Re7 25. Qc5 Qxc5 26.
dxc5 Ra5 27. Rd4 Kf7 28. Rb4 Bc8 29. Kf1 Kf6 30. Be2 g6 31. Ke1 b5 32. Kd2
Ra8 33. Bd3 Bd7 34. Re1 Be6 35. Bc2 Rae8 36. Rd4 Bd7 37. Rxe7 Rxe7 38. Bd3
Re8 39. Kc3 Re1 40. Kd2 Re8 41. Bc2 h5 42. Bd3 Re7 43. f3 Re8 44. Be2 Kf7
45. Rd3 Kf6 46. Bd1 Be6 47. Kc3 Bd7 48. Kb4 Re1 49. Ka5 Rg1 50. Kb6 Rxg3
51. Kc7 Be8 52. b3 axb3 53. Bxb3 Rg1 54. Re3 Bf7 55. Kxc6 d4 56. Rd3 Be8+
57. Kd6 Ra1 58. Bd5 Kg7 59. c6 Rc1 60. c7 Kf8 61. Rxd4 1-0

[Event "Drogheda Congress (Thomson Masters) 2026"]
[Site "Drogheda IRL"]
[Date "2026.05.31"]
[Round "4.8"]
[White "O'Cuilleanain, Oisin"]
[Black "Fil, Alkim Alper"]
[Result "0-1"]
[WhiteElo "2197"]
[BlackElo "1930"]
[WhiteICU "2227"]
[BlackICU "2003"]
[WhiteClub "Knights of Eanna"]
[BlackClub "C.C.Y.M.S."]
[WhiteNationality "IRL"]
[BlackNationality "TUR"]
[WhiteFideId "2514249"]
[BlackFideId "6309747"]
[PlyCount "82"]
[FIDETournamentId "480233"]
[ChessResultsKey "1423859"]
[EventSection "1/4"]
[Venue "St Mary's Parish Primary School, Bryanstown, Drogheda A92 XD80"]
[EventDate "2026.05.30"]
[TimeControl "5400+30"]
[WhiteFullName "O'Cuillean&aacute;in, Ois&iacute;n"]
[BlackFullName "F&#305;l, Alkim Alper"]

{ Event information: <a
href="https://www.irlchess.com/drogheda2026_allfiles/pairings_drogheda2026.html">Tournament
report</a>. }

1. e4 c5 2. Nf3 a6 3. g3 b5 4. Bg2 Bb7 5. Qe2 Nc6 6. O-O e6 7. c3 d5 8.
exd5 Qxd5 9. d4 cxd4 10. Rd1 Rd8 11. cxd4 Nf6 12. Nc3 Qh5 13. d5 Nxd5 14.
Rxd5 Rxd5 15. g4 Qxg4 16. Nxd5 Bd6 17. Ne3 Qh5 18. h3 Ne5 19. Nd4 Qg6 20.
Kh1 Be4 21. f4 $6 (21. f3 $16) 21... Nd3 22. f5 $4 (22. Ng4 $14) 22... Qg3
$19 23. Bxe4 Nf2+ 24. Qxf2 Qxf2 25. Bg2 O-O 26. Nf3 Bc5 27. Ng4 Qc2 28. Bd2
Qxb2 29. Rc1 Bd6 30. f6 gxf6 31. Bh6 f5 32. Ngh2 Rd8 33. Be3 f6 34. Rg1 Kf7
35. Bd4 Qxa2 36. Ra1 Qc4 37. Bb6 Rd7 38. Rxa6 b4 39. Bf1 Qc1 40. Bd4 Bxh2
41. Ra1 Qf4 0-1

[Event "Drogheda Congress (Thomson Masters) 2026"]
[Site "Drogheda IRL"]
[Date "2026.05.31"]
[Round "4.9"]
[White "Ivanov, Andrey"]
[Black "Liu, Murray"]
[Result "1-0"]
[WhiteTitle "CM"]
[WhiteElo "2086"]
[BlackElo "1839"]
[WhiteICU "2102"]
[BlackICU "1933"]
[WhiteClub "Malahide"]
[BlackClub "Blanchardstown"]
[WhiteNationality "IRL"]
[BlackNationality "IRL"]
[WhiteFideId "2514311"]
[BlackFideId "2517191"]
[PlyCount "131"]
[FIDETournamentId "480233"]
[ChessResultsKey "1423859"]
[EventSection "1/4"]
[Venue "St Mary's Parish Primary School, Bryanstown, Drogheda A92 XD80"]
[EventDate "2026.05.30"]
[TimeControl "5400+30"]

{ Event information: <a
href="https://www.irlchess.com/drogheda2026_allfiles/pairings_drogheda2026.html">Tournament
report</a>. }

1. Nf3 Nf6 2. c4 e6 3. Nc3 b6 4. a3 Bb7 5. d4 d5 6. cxd5 Nxd5 7. Qc2 Be7 8.
e4 Nxc3 9. bxc3 O-O 10. Bd3 h6 11. O-O c5 12. Rd1 Qc7 13. Qe2 Nd7 14. Bb2
Nf6 15. Rac1 c4 16. Bb1 b5 17. Re1 Nd7 18. e5 Rfe8 19. Nd2 Bg5 20. Rcd1 f5
21. exf6 Nxf6 22. Nf3 Bf4 23. Ne5 Rf8 24. Bc1 Bxc1 25. Rxc1 Qd6 26. Qb2 Qd5
27. f3 a5 28. Be4 Nxe4 29. fxe4 Qd8 30. Qxb5 Ba6 31. Qb2 Rb8 32. Qe2 Rb3
33. Qg4 Qf6 34. Rf1 Rxc3 35. Rcd1 Qd8 36. Qxe6+ Kh7 37. Rxf8 Qxf8 38. Qxa6
Rc2 39. Qg6+ Kg8 40. Qe6+ Kh7 41. Qf5+ Qxf5 42. exf5 c3 43. Nd3 Ra2 44. Rc1
Rxa3 45. Rc2 a4 46. Nc1 Kg8 47. Kf2 Kf7 48. Ke3 Rb3 49. Nxb3 axb3 50. Rxc3
g5 51. Rxb3 g4 52. Kf4 h5 53. Rb6 g3 54. Kxg3 h4+ 55. Kxh4 Ke7 56. Re6+ Kf7
57. d5 Kg7 58. d6 Kf7 59. d7 Kg7 60. d8=N Kf8 61. Nc6 Kg8 62. Kg5 Kh8 63.
Re8+ Kg7 64. f6+ Kf7 65. Re7+ Kf8 66. Kf5 1-0

[Event "Drogheda Congress (Thomson Masters) 2026"]
[Site "Drogheda IRL"]
[Date "2026.05.31"]
[Round "4.10"]
[White "Nichenametla V, Advaith"]
[Black "Andhurthi, Sreeyan"]
[Result "1/2-1/2"]
[WhiteElo "1915"]
[BlackElo "1933"]
[WhiteICU "1969"]
[BlackICU "1943"]
[WhiteClub "Master C.C."]
[BlackClub "Blanchardstown"]
[WhiteNationality "IRL"]
[BlackNationality "IRL"]
[WhiteFideId "2516896"]
[BlackFideId "2523531"]
[PlyCount "49"]
[FIDETournamentId "480233"]
[ChessResultsKey "1423859"]
[EventSection "1/4"]
[Venue "St Mary's Parish Primary School, Bryanstown, Drogheda A92 XD80"]
[EventDate "2026.05.30"]
[TimeControl "5400+30"]

{ Event information: <a
href="https://www.irlchess.com/drogheda2026_allfiles/pairings_drogheda2026.html">Tournament
report</a>. }

1. e4 c5 2. Nc3 Nc6 3. Nge2 g6 4. g3 Bg7 5. Bg2 e6 6. O-O Nge7 7. d3 O-O 8.
h3 d5 9. f4 b6 10. g4 dxe4 11. Nxe4 f5 12. N4g3 Rb8 13. Kh2 Bb7 14. Rb1 Nd4
15. Nxd4 cxd4 16. Qe2 Qd7 17. Bxb7 Rxb7 18. Bd2 Re8 19. Rbe1 Kf7 20. c3
Rbb8 21. cxd4 Nc6 22. Bc3 Nxd4 23. Qd1 Rbd8 24. Re3 e5 25. fxe5 1/2-1/2